000 00891nam a22001937a 4500
999 _c58960
_d58960
003 Ge_BSU
005 20221025102750.0
008 221024s1999 ge ||||| |||| 00| 0 geo d
041 _ageo
080 _a32.001(075.3) მ-78
100 _aმკურნალიძე, გიორგი
_915499
245 _aპოლიტოლოგია :
_b(X-XI კლასების სახელმძღვ.) /
_cთსუ-ს პოლიტოლოგიის კათედრა... ; [რედ.: ო. გოგიაშვილი].
264 _aთბილისი :
_b"საზოგადოება ცოდნა",
_c1999.
300 _a190 გვ. ;
_b29 სმ.
504 _aბიბლიოგრ. გვ. 198
653 _aპოლიტოლოგია
700 _aხამხაძე, მამუკა
_eავტორი
_915500
942 _2udc
_cBK